000 01907cam a22002054a 4500
005 20250605164112.0
008 250528s ||||||||||||||||||||||||d
035 _a17926
020 _a019828781X
040 _aGR-AtMCL
_bgre
_dGR-AtMCL
_eAACR2
245 1 _aFoundations of Corporate Success / How Business Strategies Add Value
260 _bOxford University Press,
_c1993
300 _a418
505 0 _aList of Tables and Figures, Corporate Success, The Structure of Strategy, Adding Value, Business Relationships, Co-operation and Co-ordination, Relationships and Contracts, Distinctive Capabilites, Architecture, Reputation, Innovation, Strategic Assets, From Distictive Capabilities to Competitive Advantage, Markets, Mergers, Sustainability, Appropriability, The Value of Competitive Advantage, Appendix: Added Value Statements, Compettive Strategies, Pricing Positioning, Advertising and Branding, Vertical Relationships, The Strategic Audit, The Industry, The Firm, The Nation, The Future of Strategy, A Brief History of Business Strategy, Conclusions, Glossary, Bibliography, General Index.
520 _aList of Tables and Figures, Corporate Success, The Structure of Strategy, Adding Value, Business Relationships, Co-operation and Co-ordination, Relationships and Contracts, Distinctive Capabilites, Architecture, Reputation, Innovation, Strategic Assets, From Distictive Capabilities to Competitive Advantage, Markets, Mergers, Sustainability, Appropriability, The Value of Competitive Advantage, Appendix: Added Value Statements, Compettive Strategies, Pricing Positioning, Advertising and Branding, Vertical Relationships, The Strategic Audit, The Industry, The Firm, The Nation, The Future of Strategy, A Brief History of Business Strategy, Conclusions, Glossary, Bibliography, General Index.
700 1 _aKay John
_94224
942 _cBK
999 _c3325
_d3325